[Event "Aragon-chT"]
[Site "Aragon"]
[Date "2008.04.19"]
[Round "10"]
[White "Garcia Vicente, Nieves"]
[Black "Fernandez Lopez, Felix"]
[Result "1-0"]
[WhiteElo "2219"]
[BlackElo "2316"]
[PlyCount "47"]
[EventDate "2008.02.02"]
[EventType "team-swiss"]
[EventRounds "12"]
[EventCountry "ESP"]
[SourceTitle "EXT 2011"]
[Source "ChessBase"]
[SourceDate "2010.11.26"]
[SourceVersion "1"]
[SourceVersionDate "2010.11.26"]
[SourceQuality "1"]

1. d4 g6 2. c4 Bg7 3. e4 d6 4. Nc3 Nc6 5. d5 Nd4 6. Be3 c5 7. Nge2 Nxe2 8. Bxe2 Nf6 9. h3 0-0 10. Qd2 Re8 11. 0-0 e6 12. dxe6 Rxe6 13. Bf3 Bd7 14. Rad1 Bc6 15. Bxc5 Nxe4 16. Bxe4 Bxe4 17. Bd4 Bxd4 18. Qxd4 Bc6 19. Nd5 Bxd5 20. Qxd5 Qb6 21. Rd2 Rae8 22. b3 Re2 23. Qd3 Rxd2 24. Qxd2 1-0

[Event "Aragon-chT Autonomico"]
[Site "Aragon"]
[Date "2007.04.14"]
[Round "10"]
[White "Fernandez Lopez, Felix"]
[Black "Gomez Anadon, Daniel"]
[Result "1-0"]
[WhiteElo "2315"]
[BlackElo "2280"]
[PlyCount "77"]
[EventDate "2007.01.27"]
[EventType "team"]
[EventRounds "9"]
[EventCountry "ESP"]
[SourceTitle "EXT 2008"]
[Source "ChessBase"]
[SourceDate "2007.11.25"]
[SourceVersion "1"]
[SourceVersionDate "2007.11.25"]
[SourceQuality "1"]
[WhiteTeam "CAI Olivar"]
[BlackTeam "St Casablanca"]
[WhiteTeamCountry "ESP"]
[BlackTeamCountry "ESP"]

1. c4 c5 2. Nf3 Nc6 3. Nc3 g6 4. g3 Bg7 5. Bg2 e5 6. 0-0 Nge7 7. a3 a5 8. Ne1 d6 9. Nc2 Be6 10. Ne3 0-0 11. Ned5 Rb8 12. d3 Qd7 13. Nb6 Qd8 14. Nbd5 Qd7 15. Qa4 b6 16. Bg5 f6 17. Bd2 Bh3 18. Nxe7+ Nxe7 19. Qxd7 Bxd7 20. b4 f5 21. bxc5 bxc5 22. Rab1 a4 23. Bg5 Kf7 24. Nb5 Bxb5 25. cxb5 Nc8 26. Bd5+ Ke8 27. Bc6+ Kf7 28. Rfc1 Nb6 29. Bd2 Ke7 30. Kg2 Kd8 31. Ba5 Rf7 32. h4 h5 33. Rc2 Ra7 34. Bd2 Rf7 35. f4 Ra7 36. fxe5 Bxe5 37. Bg5+ Kc8 38. e3 Rc7 39. Rd1 1-0

[Event "ESP Autonomico-chT"]
[Site "Spain"]
[Date "2006.03.11"]
[Round "6.18"]
[White "Jario Garcia, Ricardo Javier"]
[Black "Fernandez Lopez, Felix"]
[Result "1/2-1/2"]
[WhiteElo "2174"]
[BlackElo "2312"]
[PlyCount "32"]
[EventDate "2006.02.04"]
[EventType "team"]
[EventRounds "9"]
[EventCountry "ESP"]
[SourceTitle "EXT 2007"]
[Source "ChessBase"]
[SourceDate "2006.11.23"]
[SourceVersion "1"]
[SourceVersionDate "2006.11.23"]
[SourceQuality "1"]

1. e4 g6 2. Be2 Bg7 3. h4 h5 4. d3 c6 5. c3 d5 6. Nd2 Nf6 7. Qc2 Qc7 8. Nf1 Nbd7 9. Nh3 Nf8 10. Ng5 Ne6 11. Ne3 d4 12. Nxe6 Bxe6 13. cxd4 Qd7 14. Bd2 Ng4 15. Bc3 Bxd4 16. Nxg4 Bxg4 1/2-1/2

[Event "ESP Autonomico-chT"]
[Site "Spain"]
[Date "2006.02.25"]
[Round "4.26"]
[White "Latorre Abad, Fernando"]
[Black "Fernandez Lopez, Felix"]
[Result "0-1"]
[WhiteElo "2040"]
[BlackElo "2312"]
[PlyCount "30"]
[EventDate "2006.02.04"]
[EventType "team"]
[EventRounds "9"]
[EventCountry "ESP"]
[SourceTitle "EXT 2007"]
[Source "ChessBase"]
[SourceDate "2006.11.23"]
[SourceVersion "1"]
[SourceVersionDate "2006.11.23"]
[SourceQuality "1"]

1. e4 g6 2. d4 Bg7 3. Nc3 Nc6 4. Be3 d5 5. Qd2 Nf6 6. e5 Ng4 7. Bf4 f6 8. e6 g5 9. Nb5 gxf4 10. Qxf4 Nge5 11. dxe5 0-0 12. exf6 Rxf6 13. Qxc7 Rxe6+ 14. Be2 Qf8 15. 0-0-0 Be5 0-1

[Event "Autonomico-chT"]
[Site "Aragon"]
[Date "2005.02.12"]
[Round "3.15"]
[White "Fernandez Lopez, Felix"]
[Black "Llanes Luno, Pedro Alfredo"]
[Result "1-0"]
[WhiteElo "2301"]
[BlackElo "2134"]
[PlyCount "69"]
[EventDate "2005.01.22"]
[EventType "team"]
[EventRounds "12"]
[EventCountry "ESP"]
[SourceTitle "EXT 2006"]
[Source "ChessBase"]
[SourceDate "2005.11.24"]
[SourceVersion "1"]
[SourceVersionDate "2005.11.24"]
[SourceQuality "1"]

1. c4 e5 2. g3 d6 3. Bg2 f5 4. d4 e4 5. Nc3 g6 6. f3 exf3 7. exf3 Bg7 8. Nge2 c6 9. 0-0 Qf6 10. Be3 Nh6 11. Qd2 Nf7 12. Rae1 0-0 13. g4 Na6 14. Kh1 Re8 15. Ng3 Bd7 16. gxf5 Bxf5 17. Nce4 Qe6 18. d5 cxd5 19. cxd5 Qe5 20. Re2 Bd7 21. f4 Qe7 22. Bd4 Qf8 23. f5 Bb5 24. fxg6 hxg6 25. Bxg7 Kxg7 26. Qd4+ Re5 27. Ng5 Bxe2 28. Rxf7+ Qxf7 29. Nxf7 Kxf7 30. Qf2+ Kg7 31. Nxe2 Nc5 32. h3 Rf8 33. Qd4 g5 34. Ng3 Rf4 35. Nh5+ 1-0

[Event "Aragon-chT"]
[Site "Spain"]
[Date "2004.02.21"]
[Round "?"]
[White "Fernandez Lopez, Felix"]
[Black "Lasanta Rica, Cesar"]
[Result "1/2-1/2"]
[WhiteElo "2321"]
[BlackElo "2308"]
[PlyCount "22"]
[EventDate "2004.01.??"]
[EventType "team"]
[EventRounds "11"]
[EventCountry "ESP"]
[SourceTitle "EXT 2006"]
[Source "ChessBase"]
[SourceDate "2005.11.24"]
[SourceVersion "1"]
[SourceVersionDate "2005.11.24"]
[SourceQuality "1"]

1. Nf3 c5 2. c4 Nf6 3. Nc3 d5 4. cxd5 Nxd5 5. g3 Nc6 6. Bg2 Nc7 7. 0-0 e5 8. d3 Be7 9. Nd2 Bd7 10. Nc4 f6 11. a4 0-0 1/2-1/2

[Event "ESP-chT"]
[Site "Barcelona"]
[Date "2000.08.13"]
[Round "9"]
[White "Fernandez Lopez, Felix"]
[Black "Garcia Luque, Agustin"]
[Result "1/2-1/2"]
[WhiteElo "2294"]
[BlackElo "2366"]
[PlyCount "138"]
[EventDate "2000.08.05"]
[EventType "team"]
[EventRounds "9"]
[EventCountry "ESP"]
[SourceTitle "CBM 077 Extra"]
[Source "ChessBase"]
[SourceDate "2000.09.14"]
[SourceVersion "1"]
[SourceVersionDate "2000.09.14"]
[SourceQuality "1"]

1. Nf3 Nf6 2. c4 g6 3. g3 Bg7 4. Bg2 0-0 5. 0-0 d6 6. d4 Nc6 7. Nc3 e5 8. d5 Ne7 9. c5 Ne8 10. cxd6 Nxd6 11. e4 c6 12. Re1 cxd5 13. exd5 Bg4 14. Qa4 Bxf3 15. Bxf3 Nef5 16. Bg2 Qb6 17. Rb1 Rac8 18. Ne4 Rc4 19. Qd1 Rd4 20. Qe2 Rc8 21. Nxd6 Qxd6 22. b3 e4 23. Bb2 Rxd5 24. Bxg7 Rd2 25. Qxe4 Kxg7 26. Re2 Rxe2 27. Qxe2 b6 28. Rd1 Nd4 29. Qe4 Rd8 30. Re1 Ne6 31. h4 Qc5 32. Bh3 Rd2 33. Re2 Rxe2 34. Qxe2 Nd4 35. Qe3 Qc1+ 36. Bf1 Qc5 37. Bc4 Qd6 38. Qe4 a5 39. a4 Qf6 40. Kg2 h5 41. Bd5 Nf5 42. Qf4 Qb2 43. Bc4 Nh6 44. Bd5 Qc3 45. Bc4 Nf5 46. Qc7 Qf6 47. Bd5 Nd4 48. Qd7 Kf8 49. Qc8+ Kg7 50. Qd7 Nf5 51. Qc7 Nh6 52. Bf3 Qd4 53. Qb7 Nf5 54. Bd5 Ne7 55. Bf3 Qd6 56. Be4 Qc5 57. Qd7 Qe5 58. Qd3 Ng8 59. Bd5 Nh6 60. Bc4 Ng4 61. Qf3 Qc7 62. Qc3+ f6 63. Qd4 Ne5 64. Qd5 Nxc4 65. bxc4 Qc5 66. Qd7+ Kg8 67. Qe6+ Kg7 68. Qd7+ Kg8 69. Qe8+ Kg7 1/2-1/2

[Event "ESP-chT"]
[Site "Ponferrada"]
[Date "1997.??.??"]
[Round "5"]
[White "Fernandez Lopez, Felix"]
[Black "Oms Pallisse, Josep"]
[Result "0-1"]
[WhiteElo "2300"]
[BlackElo "2445"]
[PlyCount "148"]
[EventDate "1997.08.29"]
[EventType "team"]
[EventRounds "9"]
[EventCountry "ESP"]
[SourceTitle "CBM 060 Extra"]
[Source "ChessBase"]
[SourceDate "1997.11.04"]
[SourceVersion "1"]
[SourceVersionDate "1997.11.04"]
[SourceQuality "1"]

1. Nf3 d5 2. c4 c6 3. d4 Nf6 4. Nc3 dxc4 5. a4 Bf5 6. e3 e6 7. Bxc4 Bb4 8. 0-0 0-0 9. h3 Nbd7 10. Qb3 Qb6 11. Nh4 a5 12. Nxf5 exf5 13. Rd1 Qc7 14. Bd2 Nb6 15. Bf1 Rfe8 16. Qc2 g6 17. Nb5 Qe7 18. Na3 Bd6 19. Nc4 Nxc4 20. Bxc4 Bc7 21. Qb3 Rad8 22. Qa3 Qd7 23. Be1 Nd5 24. Rac1 h5 25. Bxd5 Qxd5 26. Qc5 Qe6 27. d5 Qe5 28. f4 Qxe3+ 29. Qxe3 Rxe3 30. dxc6 Rxd1 31. Rxd1 bxc6 32. Bf2 Re4 33. b3 Bxf4 34. Rd8+ Kg7 35. Kf1 Be3 36. Be1 Bb6 37. Rb8 Bc5 38. Bxa5 Rf4+ 39. Ke2 Rf2+ 40. Kd3 Be7 41. Bc3+ Bf6 42. Bxf6+ Kxf6 43. a5 Rxg2 44. a6 Ra2 45. Rb6 Ke5 46. Rxc6 f4 47. b4 Ra3+ 48. Ke2 Kd5 49. b5 Ra5 50. Rf6 Ke4 51. h4 Rxb5 52. Rxf7 Rb2+ 53. Ke1 Rb6 54. a7 Ra6 55. Kf2 Ra2+ 56. Kg1 Kf3 57. Rf6 g5 58. hxg5 Kg3 59. Kf1 f3 60. Ke1 Ra1+ 61. Kd2 Rxa7 62. g6 f2 63. Rf5 Rd7+ 64. Ke2 Re7+ 65. Kd2 h4 66. Rg5+ Kf4 67. g7 f1Q 68. g8Q Qe2+ 69. Kc3 Rc7+ 70. Kb3 Qc2+ 71. Ka3 Ra7+ 72. Kb4 Rb7+ 73. Ka5 Qc7+ 74. Ka4 Qc6+ 0-1

[Event "ESP-chT"]
[Site "Ponferrada"]
[Date "1997.??.??"]
[Round "4"]
[White "Vallejo Pons, Francisco"]
[Black "Fernandez Lopez, Felix"]
[Result "1-0"]
[WhiteElo "2415"]
[BlackElo "2300"]
[PlyCount "31"]
[EventDate "1997.08.29"]
[EventType "team"]
[EventRounds "9"]
[EventCountry "ESP"]
[SourceTitle "CBM 060 Extra"]
[Source "ChessBase"]
[SourceDate "1997.11.04"]
[SourceVersion "1"]
[SourceVersionDate "1997.11.04"]
[SourceQuality "1"]

1. e4 g6 2. d4 Bg7 3. Nc3 Nc6 4. d5 Nb8 5. h4 h5 6. Bg5 d6 7. Qd2 c6 8. Nf3 Qc7 9. Bc4 Nf6 10. dxc6 bxc6 11. 0-0-0 Bg4 12. e5 dxe5 13. Nxe5 0-0 14. Nxg6 Bxd1 15. Nxf8 Bxc2 16. Ne6 1-0

[Event "ESP-chT"]
[Site "Oropesa del Mar"]
[Date "1996.??.??"]
[Round "3"]
[White "Oms Pallisse, Josep"]
[Black "Fernandez Lopez, Felix"]
[Result "1-0"]
[WhiteElo "2395"]
[BlackElo "2335"]
[PlyCount "85"]
[EventDate "1996.??.??"]
[EventType "team"]
[EventRounds "9"]
[EventCountry "ESP"]
[SourceTitle "EXT 1998"]
[Source "ChessBase"]
[SourceDate "1997.11.17"]
[SourceVersion "1"]
[SourceVersionDate "1997.11.17"]
[SourceQuality "1"]

1. d4 Nf6 2. Nf3 d6 3. c4 Nbd7 4. Nc3 e5 5. Bg5 Be7 6. e3 c6 7. Qc2 h6 8. Bh4 Nh5 9. Bxe7 Qxe7 10. 0-0-0 Nhf6 11. Nh4 Nb6 12. Nf5 Bxf5 13. Qxf5 g6 14. Qh3 Nbd7 15. Be2 0-0-0 16. Rhe1 Kb8 17. Qg3 h5 18. h4 Ka8 19. b3 Rhe8 20. Kb2 Nf8 21. Bf3 N8h7 22. Rd2 Ng8 23. Red1 exd4 24. Rxd4 Nh6 25. e4 Nf6 26. Rxd6 Nfg4 27. c5 Rxd6 28. cxd6 Qe5 29. Qxe5 Nxe5 30. Be2 f6 31. f4 Nef7 32. Bc4 Rd8 33. d7 Kb8 34. Be6 Kc7 35. Ne2 Rf8 36. Ng3 Nd8 37. f5 gxf5 38. exf5 Ng4 39. Nxh5 Rh8 40. Rd4 Ne5 41. Nxf6 Rh6 42. Ne8+ Kb8 43. Re4 1-0

[Event "Autonomico op"]
[Site "Aragon"]
[Date "1995.??.??"]
[Round "1"]
[White "Fernandez Lopez, Felix"]
[Black "Anguix Garrido, Juan Francisco"]
[Result "1-0"]
[WhiteElo "2340"]
[BlackElo "2370"]
[PlyCount "129"]
[EventDate "1995.??.??"]
[EventType "swiss"]
[EventRounds "9"]
[EventCountry "ESP"]
[SourceTitle "EXT 2002"]
[Source "ChessBase"]
[SourceDate "2001.11.25"]
[SourceVersion "1"]
[SourceVersionDate "2001.11.25"]
[SourceQuality "1"]

1. d4 d5 2. Bg5 c6 3. e3 Qb6 4. Qc1 Nf6 5. Bd3 Nbd7 6. Nf3 g6 7. 0-0 Bg7 8. Nbd2 h6 9. Bh4 0-0 10. c4 Re8 11. Qc2 Nf8 12. Ne5 N6d7 13. f4 Nf6 14. c5 Qd8 15. Ndf3 Ne4 16. Bxe4 dxe4 17. Nd2 f6 18. Nec4 f5 19. Nd6 Be6 20. Nxe8 Qxe8 21. Nc4 Nd7 22. Ne5 Nf6 23. Bxf6 exf6 24. Nc4 Bf8 25. Rac1 Rd8 26. b3 Rd7 27. Nd2 h5 28. Rf2 Qd8 29. Nb1 Kh7 30. g3 Kg8 31. Nc3 Qa5 32. Rd1 Qd8 33. Rfd2 Bf7 34. Qb2 Kg7 35. b4 Bc4 36. b5 Kh6 37. Qb4 Bd3 38. Rb2 cxb5 39. Nxb5 b6 40. Rc1 bxc5 41. dxc5 Bxb5 42. Qxb5 Rd1+ 43. Rxd1 Qxd1+ 44. Qf1 Qd5 45. Qe2 Bxc5 46. Kf2 Bb6 47. Qd2 Qb7 48. a4 Qa6 49. Qc2 Kg7 50. Rb5 Qb7 51. Ke2 Qd7 52. Qc4 Kh6 53. a5 Bc7 54. Rb7 Qd3+ 55. Qxd3 exd3+ 56. Kxd3 Bxa5 57. Rxa7 Be1 58. Rf7 h4 59. gxh4 Bxh4 60. Ke2 Kh5 61. Rb7 Kg4 62. Rh7 g5 63. Rh6 gxf4 64. exf4 Kh3 65. Kf3 1-0

[Event "Autonomico op"]
[Site "Aragon"]
[Date "1995.??.??"]
[Round "6"]
[White "Mancebo Ibanez, Fernando"]
[Black "Fernandez Lopez, Felix"]
[Result "1/2-1/2"]
[WhiteElo "2260"]
[BlackElo "2340"]
[PlyCount "70"]
[EventDate "1995.??.??"]
[EventType "swiss"]
[EventRounds "9"]
[EventCountry "ESP"]
[SourceTitle "EXT 2002"]
[Source "ChessBase"]
[SourceDate "2001.11.25"]
[SourceVersion "1"]
[SourceVersionDate "2001.11.25"]
[SourceQuality "1"]

1. d4 e6 2. c4 f5 3. Nf3 Nf6 4. g3 Be7 5. Bg2 0-0 6. 0-0 d6 7. b3 Qe8 8. Bb2 Nc6 9. d5 Nd8 10. Nc3 a6 11. dxe6 Nxe6 12. Nd4 Ng5 13. Qd3 Qg6 14. Nd5 Nxd5 15. cxd5 Qh5 16. h4 Nf7 17. f4 Nh6 18. Rac1 Bd8 19. Ne6 Bxe6 20. dxe6 c6 21. Qxd6 Qxe2 22. Bd4 Re8 23. Rfe1 Be7 24. Qd7 Qxa2 25. Qxb7 Ng4 26. Qxc6 Qxb3 27. Qc3 Qxc3 28. Rxc3 Rad8 29. Bc6 Bb4 30. Bxe8 Rxe8 31. Rc7 Bxe1 32. Rxg7+ Kf8 33. Rf7+ Kg8 34. Rg7+ Kf8 35. Rf7+ Kg8 1/2-1/2

[Event "Vilanova op"]
[Site "Vilanova"]
[Date "1994.??.??"]
[Round "8"]
[White "Fernandez Lopez, Felix"]
[Black "Ayas Fernandez, Antonio"]
[Result "0-1"]
[WhiteElo "2340"]
[BlackElo "2310"]
[PlyCount "80"]
[EventDate "1994.??.??"]
[EventType "swiss"]
[EventRounds "9"]
[EventCountry "ESP"]
[SourceTitle "EXT 2004"]
[Source "ChessBase"]
[SourceDate "2003.11.25"]
[SourceVersion "1"]
[SourceVersionDate "2003.11.25"]
[SourceQuality "1"]

1. Nf3 c5 2. g3 Nc6 3. Bg2 e5 4. 0-0 d5 5. d3 Nf6 6. e4 dxe4 7. dxe4 Qxd1 8. Rxd1 Bg4 9. Na3 Nd4 10. Rd3 Bxf3 11. Bxf3 0-0-0 12. Bg5 b5 13. Bxf6 gxf6 14. Bg4+ Kc7 15. c3 c4 16. Rxd4 exd4 17. Nxb5+ Kb6 18. Nxd4 Bc5 19. Nf3 Rd3 20. Kg2 Rhd8 21. Re1 h6 22. Bh5 R8d7 23. e5 Re7 24. Re4 Kb5 25. a4+ Kxa4 26. Rxc4+ Kb5 27. Re4 fxe5 28. Nxe5 Rd2 29. Be2+ Rxe2 30. Rxe2 f6 31. b4 Rxe5 32. Rxe5 fxe5 33. bxc5 a5 34. f4 exf4 35. gxf4 Kxc5 36. f5 Kd6 37. Kf3 a4 38. c4 a3 39. f6 Ke6 40. c5 Kxf6 0-1

[Event "Vilanova op"]
[Site "Vilanova"]
[Date "1994.??.??"]
[Round "4"]
[White "Fernandez Lopez, Felix"]
[Black "Borrellas Comellas, Josep"]
[Result "1-0"]
[WhiteElo "2340"]
[BlackElo "2170"]
[PlyCount "57"]
[EventDate "1994.??.??"]
[EventType "swiss"]
[EventRounds "9"]
[EventCountry "ESP"]
[SourceTitle "EXT 2004"]
[Source "ChessBase"]
[SourceDate "2003.11.25"]
[SourceVersion "1"]
[SourceVersionDate "2003.11.25"]
[SourceQuality "1"]

1. Nf3 Nf6 2. c4 c5 3. Nc3 e6 4. g3 d5 5. cxd5 Nxd5 6. Bg2 Nc6 7. 0-0 Be7 8. d4 cxd4 9. Nxd5 exd5 10. Nxd4 0-0 11. Be3 Bf6 12. Nxc6 bxc6 13. Bd4 Bg4 14. Re1 Re8 15. Rc1 Rc8 16. Bxf6 Qxf6 17. Qd2 h6 18. Rc5 Rb8 19. b3 Re7 20. h3 Bf5 21. Qf4 Re5 22. Rxc6 Qxc6 23. Qxe5 Qc8 24. Bxd5 Bxh3 25. Qf4 Be6 26. Rc1 Qd8 27. Bxe6 fxe6 28. Qe5 Qf8 29. Rc7 1-0

[Event "Vilanova op"]
[Site "Vilanova"]
[Date "1994.??.??"]
[Round "3"]
[White "Planas, Rosendo"]
[Black "Fernandez Lopez, Felix"]
[Result "1/2-1/2"]
[WhiteElo "2330"]
[BlackElo "2340"]
[PlyCount "87"]
[EventDate "1994.??.??"]
[EventType "swiss"]
[EventRounds "9"]
[EventCountry "ESP"]
[SourceTitle "EXT 2004"]
[Source "ChessBase"]
[SourceDate "2003.11.25"]
[SourceVersion "1"]
[SourceVersionDate "2003.11.25"]
[SourceQuality "1"]

1. d4 Nf6 2. c4 d6 3. Nc3 Nbd7 4. e4 e5 5. d5 Nc5 6. f3 a5 7. Be3 Be7 8. Nge2 Nfd7 9. Qd2 h6 10. Nc1 Bg5 11. Be2 Bxe3 12. Qxe3 Qg5 13. Qxg5 hxg5 14. h3 Nf6 15. 0-0 Bd7 16. b3 Nh5 17. a3 Nf4 18. Rd1 g6 19. Rb1 f5 20. Rd2 Nxe2+ 21. Rxe2 fxe4 22. fxe4 g4 23. hxg4 Bxg4 24. Re3 Ke7 25. Nd3 Nxd3 26. Rxd3 Rh4 27. b4 axb4 28. axb4 Ra3 29. Kf2 Bd7 30. Rf3 g5 31. Rb2 Ra1 32. Ke3 Rc1 33. Kd3 Ra1 34. Rff2 Rg4 35. Ra2 Rxa2 36. Nxa2 Rg3+ 37. Kd2 Be8 38. Nc3 Bg6 39. Re2 Be8 40. Rf2 Bd7 41. Kc2 Be8 42. Kd2 Bg6 43. Kc2 Rg4 44. Kd3 1/2-1/2

[Event "ESP-ch"]
[Site "Spain"]
[Date "1993.??.??"]
[Round "4"]
[White "De la Riva Aguado, Oscar"]
[Black "Fernandez Lopez, Felix"]
[Result "1/2-1/2"]
[WhiteElo "2400"]
[BlackElo "2335"]
[PlyCount "68"]
[EventDate "1993.08.??"]
[EventType "swiss"]
[EventRounds "9"]
[EventCountry "ESP"]
[SourceTitle "TD"]
[Source "ChessBase"]
[SourceDate "1994.03.01"]
[SourceVersion "1"]
[SourceVersionDate "1994.03.01"]
[SourceQuality "1"]

1. e4 c5 2. Nf3 e6 3. b3 b6 4. c4 Bb7 5. Nc3 d6 6. d4 cxd4 7. Nxd4 Nf6 8. Bd3 Be7 9. 0-0 0-0 10. Bb2 Nc6 11. Nxc6 Bxc6 12. Qe2 Nd7 13. Rad1 Re8 14. Bb1 Qc7 15. f4 Rad8 16. Qc2 Nf8 17. Nd5 Bxd5 18. exd5 e5 19. Kh1 Bf6 20. Rde1 Rd7 21. fxe5 Bxe5 22. Bxe5 Rxe5 23. Rxe5 dxe5 24. Qb2 Qd6 25. Re1 Re7 26. b4 Nd7 27. Qc2 g6 28. a3 Re8 29. Ba2 Rc8 30. Qd2 Kg7 31. g4 h6 32. Bb3 Nf6 33. h3 e4 34. Qd4 Qf4 1/2-1/2

[Event "ESP-ch"]
[Site "Spain"]
[Date "1993.??.??"]
[Round "7"]
[White "De la Villa Garcia, Jesus Maria"]
[Black "Fernandez Lopez, Felix"]
[Result "1-0"]
[WhiteElo "2440"]
[BlackElo "2335"]
[PlyCount "81"]
[EventDate "1993.08.??"]
[EventType "swiss"]
[EventRounds "9"]
[EventCountry "ESP"]
[SourceTitle "TD"]
[Source "ChessBase"]
[SourceDate "1994.03.01"]
[SourceVersion "1"]
[SourceVersionDate "1994.03.01"]
[SourceQuality "1"]

1. e4 c6 2. Nc3 g6 3. d4 d5 4. f3 Bg7 5. Be3 Qa5 6. Qd2 Nf6 7. e5 Ng8 8. g4 h5 9. gxh5 Rxh5 10. Nge2 Rh8 11. h4 Bf5 12. Ng3 Nd7 13. Qg2 Bh6 14. Bxh6 Nxh6 15. h5 0-0-0 16. Qd2 g5 17. 0-0-0 f6 18. Nxf5 Nxf5 19. Bh3 Nh6 20. exf6 exf6 21. Rde1 Kb8 22. Bxd7 Rxd7 23. Re6 Rf7 24. Rhe1 Rff8 25. Qd3 Qc7 26. Na4 Qf4+ 27. Kb1 Nf5 28. Nc5 Ka8 29. Nd7 Rd8 30. Rxf6 Qh4 31. Rd1 Rxd7 32. Qxf5 Rdd8 33. Rg6 Qxh5 34. Rxg5 Qe8 35. Qe5 Qxe5 36. Rxe5 Rdf8 37. Re3 Rh2 38. b3 Rf2 39. Rde1 a6 40. Re8+ Ka7 41. Rxf8 1-0